00599nam a2200133 a 4500008004100000050001600041100001700057245005600074260000900130350000900139995015000148995015000298999001700448120416s1984 xx |||||||||||||| || u aS 595.5 Che aLevy, Rachel10aChemistry of irrigated soilscedited by Rachel Levy c1984 a0.00 aANNEX COLLECTION (Main Library)D0.00e719245FCBU-MAIN LIBRARY (Kitwe)H3I45.50jS 595.5 CheM2UAVAILABLEy013647ZAnnex Low-Usage Collection  aANNEX COLLECTION (Main Library)D0.00e721786FCBU-MAIN LIBRARY (Kitwe)H2I45.50jS 595.5 CheM3UAVAILABLEy013648ZAnnex Low-Usage Collection  c79319d79319